[Event "Paracin-ch"]
[Site "Paracin"]
[Date "2011.01.29"]
[Round "2"]
[White "Popovic, Djordje D"]
[Black "Velikic, Vule"]
[Result "1-0"]
[WhiteElo "2255"]
[BlackElo "1902"]
[PlyCount "71"]
[EventDate "2011.01.28"]
[EventType "swiss"]
[EventRounds "7"]
[EventCountry "SRB"]
[SourceTitle "CBM 140 Extra"]
[Source "ChessBase"]
[SourceDate "2011.03.01"]
[SourceVersion "1"]
[SourceVersionDate "2011.03.01"]
[SourceQuality "1"]

1. Nf3 d5 2. g3 Nf6 3. Bg2 c6 4. 0-0 Bg4 5. b3 Nbd7 6. Bb2 e6 7. d3 Be7 8. Nbd2 Bxf3 9. Nxf3 Qc7 10. c4 0-0 11. Rc1 a5 12. cxd5 exd5 13. Nd4 g6 14. Qd2 Rfe8 15. h3 Bf8 16. a3 Qd6 17. Rfd1 Bg7 18. Qc2 Nf8 19. e3 N6d7 20. Qb1 f5 21. Nf3 Nf6 22. Qa1 N8d7 23. Bc3 h6 24. Qb2 Kh7 25. Bd4 Re6 26. b4 a4 27. Qc2 b5 28. Rd2 Rc8 29. Qd1 Ne8 30. Bxg7 Nxg7 31. Nd4 Rf6 32. Nxb5 Qb8 33. Nd4 Rd6 34. Rdc2 Qb7 35. Rc3 Qa6 36. b5 1-0